Beethoven / (Registro nro. 10379)

Detalles MARC
000 -LIDER
fixed length control field 01271njm a2200433 c 4500
001 - NÚMERO DE CONTROL
Identificador de número de control 45410
003 - IDENTIFICACDOR DE NÚMERO DE CONTROL
control field DO-SdBNP
005 - DATE AND TIME OF LATEST TRANSACTION
control field 20250205083415.0
007 - CAMPOS FIJOS DE DESCRIPCIÓN FÍSICA
fixed length control field 45410
008 - ELEMENTOS DE LONGITUD FIJA
fixed length control field 160127s 2006 sp d spa
015 ## - NÚMERO DENTRO DE LA BIBLIOGRAFÍA NACIONAL
National bibliography number
017 ## - NÚMERO DE REGISTRO DE DERECHOS DE AUTOR
Copyright or legal deposit number
Assigning agency
020 ## - ISBN
International Standard Book Number 8497645650
028 00 - NÚMERO DE EDITOR MUSICAL
Publisher number
Source
035 ## - NÚMERO LOCAL
System control number
040 ## - FUENTE DE CATALOGACIÓN
Agencia que crea de manera original el registro BPMSU
Idioma de catalogación spa
Agencia que realiza la transcripción BPMSU
Convenciones de la despripción
082 ## - NÚMERO DE CLASIFICACIÓN DECIMAL DE DEWEY
Classification number 927
Item number B563R
Edition number 22
084 ## - OTRO NÚMERO DE CLASIFICACIÓN
Classification number
Number source
100 1# - ASIENTO PRINCIPAL -- NOMBRE PERSONAL
Nombre personal Rodríguez Méndez, Berta,
Fechas asociadas con el nombre 1970-
Término de relación
240 10 - TITULO UNIFORME
Título uniforme
Número de la parte o sección de una obra
Clave musical
245 10 - MENCIÓN DE TITULO
Título Beethoven /
Mención de responsabilidad Berta Rodríguez Méndez.
246 14 - VARIACION DEL TÍTULO
Título propiamente dicho o título corto Ludwig van Beethoven.
260 ## - PUBLICACIÓN, DISTRIBUCIÓN, ETC. (PIE DE IMPRENTA)
Lugar de publicación, distribución, etc Barcelona :
Nombre del editor, distribuidor, etc. Edimat Libros,
Fecha de publicación, distribución, etc 2006
300 ## - DESCRIPCIÓN FÍSICA
Extensión 189 p. ;
Dimensiones 23 cm.
Material complementario
Otros detalles físicos
490 0# - MENCIÓN DE SERIES
Mención de serie Grandes biografías
500 ## - NOTA GENERAL
Nota general
504 ## - NOTA DE BIBLIOGRAFÍA, ETC.
Bibliography, etc Bibliografía. p.: 187-188
505 0# - NOTA DE CONTENIDO
Texto normalizado de contenido
511 1# - PARTICIPANT OR PERFORMER NOTE
Participant or performer note Ludwig Trio ; Hyo-Sun Lim, piano ; Orquesta Sinfónica de Galicia ; Víctor Pablo Pérez, director
590 ## - NOTA LOCAL
Enlace Inventariado, 2022/VM
600 14 - ENCABEZAMIENTO DE MATERIA--NOMBRE PERSONAL
Nombre personal Beethoven, Ludwig van,
Fechas asociadas con el nombre 1770-1827
Subdivisión de forma Biografías
650 #4 - ENCABEZAMIENTO DE MATERIA--TEMÁTICO
Término temático o nombre geográfico como elemento de entrada Músicos alemanes
Subdivisión de forma Biografías
650 #4 - ENCABEZAMIENTO DE MATERIA--TEMÁTICO
Término temático o nombre geográfico como elemento de entrada Música clásica
Subdivisión temática general Historia
700 12 - ASIENTO SECUNDARIO -- NOMBRE PERSONAL
Nombre personal Beethoven, Ludwig van
Fechas asociadas con el nombre 1770-1827
Título de una obra
Medio de ejecución para música
Número de la parte o sección de una obra
Clave musical
910 ## - VALIDACIÓN
Validación VMateo V.
942 ## - ADDED ENTRY ELEMENTS (KOHA)
Source of classification or shelving scheme Dewey Decimal Classification
Koha item type Libros
945 ## - INFORMACIÓN DE PROCESAMIENTO LOCAL
Información de procesamiento local Inventariado, 2018/LP
956 ## - LOCAL ELECTRONIC LOCATION AND ACCESS (OCLC)
Nombre de host VMATEO
Número de acceso 10
Información de compresión 20160614
Trayectoria BPMSU
Nombre Electrónico 0069
Existencias
Withdrawn status Lost status Source of classification or shelving scheme Damaged status Not for loan Collection code Home library Current library Date acquired Source of acquisition Full call number Barcode Date last seen Price effective from Koha item type
    Dewey Decimal Classification     Colección General Biblioteca Pública Metropolitana Salomé Ureña Biblioteca Pública Metropolitana Salomé Ureña 06/14/2016 Donado por Maritza Báez BPMSU CG 927 B563R 2006 BPMSU16060184 06/14/2016 06/14/2016 Libros